Sociedades y hombres

Saved in:
書目詳細資料
主要作者: Haskins, Caryl P (Author)
格式: 圖書
語言:西班牙语
出版: Buenos Aires Sudamericana 1953
主題:
標簽: 添加標簽
沒有標簽, 成為第一個標記此記錄!

MARC

LEADER 00000nam a2200000 a 4500
001 UCJ8953
003 CL-VaPUC
008 070126e19530000AG |||||||||||||||||spa|d
082 0 4 |a 301  |b HAS  |2 21 
100 0 |a Haskins, Caryl P  |e author  |9 518786 
245 1 0 |a Sociedades y hombres 
300 |a 337 p 
942 |c BK 
945 |d 20070126 00:00:00  |a jtorresc 
260 |a Buenos Aires  |b Sudamericana  |c 1953 
500 |a Donación de la Dra. Marianne Peronard Thierry 
650 0 |a Sociología   |9 255410 
650 0 |a Antropología   |9 233030 
650 0 |a Evolución social  |9 260808 
650 0 |a Antropología cultural y social   |9 265143 
583 |a last modification  |c 20070126 00:00:00  |k Rodrigo Vera 
999 |c 324597  |d 324595 
952 |0 0  |1 0  |4 0  |6 301_000000000000000_HAS_1953  |7 0  |8 A  |9 404864  |a FDOPOS  |b FDOPOS  |d 2019-11-22  |i 4318951  |o 301 HAS 1953  |p 4318951  |r 2025-01-22  |w 2019-11-22  |y BK  |k MLA